| 000 | 01067nam a22003137a 4500 | ||
|---|---|---|---|
| 001 | 54 | ||
| 003 | FISKH | ||
| 005 | 20231208120212.0 | ||
| 008 | 230217b cb ||||| |||| 00| 0 eng d | ||
| 020 |
_a9781454945383 _q(hardcover) |
||
| 020 |
_z9781402786822 _q(epub) |
||
| 040 |
_aDLC _beng _erda _cDLC |
||
| 042 | _apcc | ||
| 050 | _aPS1017 | ||
| 082 | _a813.4 | ||
| 100 | 1 |
_aAlcott, Louisa May _eauthor |
|
| 245 | 1 | 0 |
_aLittle women / _cLouisa May Alcott |
| 263 | _a2301 | ||
| 264 | 1 |
_aFranklin : _bDalmatian, _c2013 |
|
| 300 |
_a180 pages : _c21 cm |
||
| 336 |
_atext _btxt _2rdacontent |
||
| 337 |
_aunmediated _bn _2rdamedia |
||
| 338 |
_avolume _bnc _2rdacarrier |
||
| 505 | _aM | ||
| 520 |
_a"Louisa May Alcott's novel, set during the Civil War, follows the adventures of the four March sisters-Meg, Beth, Amy, and, most of all, the tomboy Jo-as they experience the joys and disappointments, tragedies and triumphs, of growing up"-- _cProvided by publisher. |
||
| 521 |
_a700 _bLexile |
||
| 906 |
_a0 _bibc _corignew _d2 _eepcn _f20 _gy-gencatlg |
||
| 942 |
_2ddc _cBK _n0 |
||
| 999 |
_c54 _d54 |
||